[Event "XXVII RUS-chT Premier 2020"]
[Site "Sochi"]
[Date "2020.11.20"]
[Round "2.19"]
[White "Demchenko, Anton"]
[Black "Goryachkina, Aleksandra"]
[Result "1/2-1/2"]
[WhiteElo "2626"]
[BlackElo "2592"]
[Annotator "ChessBase"]
[PlyCount "85"]
[EventDate "2020.11.19"]
[EventType "team-tourn"]
[EventCountry "RUS"]
[SourceTitle "playchess.com"]
[Source "ChessBase"]
[SourceQuality "1"]
[TimeControl "40/5400+30:1800+30"]

1. d4 {[%emt 0:00:00]} d5 {[%emt 0:00:00]} 2. Nf3 {[%emt 0:00:00]} Nf6 {[%emt 0:00:28]} 3. Bf4 {[%emt 0:00:00]} c5 {[%emt 0:00:53]} 4. e3 {[%emt 0:00:04]} Nc6 {[%emt 0:00:23]} 5. Nbd2 {[%emt 0:00:14]} cxd4 {[%emt 0:01:36]} 6. exd4 {[%emt 0:00:09]} Bf5 {[%emt 0:00:55]} 7. Bb5 {[%emt 0:00:24]} e6 {[%emt 0:00:32]} 8. Ne5 {[%emt 0:01:25]} Qb6 {[%emt 0:01:19]} 9. c4 {[%emt 0:01:14]} dxc4 {[%emt 0:00:25]} 10. a4 {[%emt 0:14:05]} Qxd4 {[%emt 0:21:42]} 11. Nxc6 {[%emt 0:11:39]} Qxf4 {[%emt 0:01:30]} 12. g3 {[%emt 0:01:14]} Qc7 {[%emt 0:09:06]} 13. Nd4+ {[%emt 0:02:08]} Nd7 {[%emt 0:02:04]} 14. Nxf5 {[%emt 0:01:17]} exf5 {[%emt 0:01:03]} 15. Qe2+ {[%emt 0:21:54]} Be7 {[%emt 0:00:24]} 16. O-O {[%emt 0:02:23]} a6 {[%emt 0:14:40]} 17. Bxc4 {[%emt 0:02:51]} Ne5 {[%emt 0:05:42]} 18. Rac1 {[%emt 0:05:43]} Nxc4 {[%emt 0:03:31]} 19. Nxc4 {[%emt 0:00:07]} O-O {[%emt 0:00:42]} 20. a5 {[%emt 0:01:01]} Bg5 {[%emt 0:02:51]} 21. f4 {[%emt 0:07:45]} Qe7 {[%emt 0:03:15]} 22. Qxe7 {[%emt 0:09:22]} Bxe7 {[%emt 0:00:02]} 23. Nb6 {[%emt 0:00:06]} Rad8 {[%emt 0:01:04]} 24. Rc7 {[%emt 0:00:15]} Bf6 {[%emt 0:09:13]} 25. b4 {[%emt 0:06:45]} Rd2 {[%emt 0:10:34]} 26. Rxb7 {[%emt 0:00:44]} Rfd8 {[%emt 0:00:35]} 27. Nc4 {[%emt 0:03:30]} Re2 {[%emt 0:03:30]} 28. Ne5 {[%emt 0:03:51]} Bxe5 {[%emt 0:01:58]} 29. fxe5 {[%emt 0:00:02]} g6 {[%emt 0:00:52]} 30. Rf2 {[%emt 0:00:23]} Rxe5 {[%emt 0:00:11]} 31. g4 {[%emt 0:01:09]} Rdd5 {[%emt 0:02:10]} 32. Ra7 {[%emt 0:02:04]} Re6 {[%emt 0:00:57]} 33. gxf5 {[%emt 0:00:14]} gxf5 {[%emt 0:00:36]} 34. Rb7 {[%emt 0:00:57]} Kg7 {[%emt 0:00:22]} 35. Rc2 {[%emt 0:00:12]} Kg6 {[%emt 0:01:03]} 36. Kf2 {[%emt 0:00:24]} Rd4 {[%emt 0:00:34]} 37. Ra2 {[%emt 0:02:04]} Rdd6 {[%emt 0:00:55]} 38. b5 {[%emt 0:00:15]} axb5 {[%emt 0:00:09]} 39. Rxb5 {[%emt 0:00:10]} Kf6 {[%emt 0:00:47]} 40. Rb4 {[%emt 0:00:00]} Ra6 {[%emt 0:00:00]} 41. Rb5 {[%emt 0:05:45]} Rad6 {[%emt 0:01:13]} 42. Rb4 {[%emt 0:03:13]} Ra6 {[%emt 0:01:11]} 43. Rb5 {[%emt 0:00:14]} 1/2-1/2

[Event "XXVII RUS-chT Premier 2020"]
[Site "Sochi"]
[Date "2020.11.20"]
[Round "2.20"]
[White "Kobalia, Mikhail"]
[Black "Alekseev, Evgeny"]
[Result "1/2-1/2"]
[WhiteElo "2590"]
[BlackElo "2615"]
[Annotator "ChessBase"]
[PlyCount "68"]
[EventDate "2020.11.19"]
[EventType "team-tourn"]
[EventCountry "RUS"]
[SourceTitle "playchess.com"]
[Source "ChessBase"]
[SourceQuality "1"]
[TimeControl "40/5400+30:1800+30"]

1. d4 {[%emt 0:00:00]} Nf6 {[%emt 0:00:44]} 2. c4 {[%emt 0:00:03]} e6 {[%emt 0:00:20]} 3. Nf3 {[%emt 0:00:08]} d5 {[%emt 0:05:23]} 4. Nc3 {[%emt 0:00:30]} Nbd7 {[%emt 0:08:31]} 5. Bg5 {[%emt 0:00:58]} c6 {[%emt 0:05:01]} 6. e3 {[%emt 0:04:06]} Qa5 {[%emt 0:00:23]} 7. cxd5 {[%emt 0:02:52]} exd5 {[%emt 0:05:25]} 8. Bd3 {[%emt 0:02:07]} Ne4 {[%emt 0:02:19]} 9. O-O {[%emt 0:06:33]} Nxg5 {[%emt 0:01:57]} 10. Nxg5 {[%emt 0:01:53]} Nf6 {[%emt 0:00:05]} 11. Qc2 {[%emt 0:18:03]} h6 {[%emt 0:08:04]} 12. Nf3 {[%emt 0:00:04]} Bd6 {[%emt 0:00:15]} 13. Rae1 {[%emt 0:04:54]} O-O {[%emt 0:02:12]} 14. Ne5 {[%emt 0:01:12]} a6 {[%emt 0:05:08]} 15. f4 {[%emt 0:03:31]} c5 {[%emt 0:00:33]} 16. Kh1 {[%emt 0:00:49]} Qd8 {[%emt 0:10:33]} 17. Qe2 {[%emt 0:08:54]} b5 {[%emt 0:06:23]} 18. Qf3 {[%emt 0:01:03]} Bb7 {[%emt 0:03:16]} 19. g4 {[%emt 0:02:01]} b4 {[%emt 0:21:13]} 20. g5 {[%emt 0:01:22]} hxg5 {[%emt 0:02:14]} 21. fxg5 {[%emt 0:10:06]} Bxe5 {[%emt 0:00:05]} 22. gxf6 {[%emt 0:13:28]} Bxf6 {[%emt 0:00:10]} 23. Ne2 {[%emt 0:03:14]} Re8 {[%emt 0:03:14]} 24. Ng3 {[%emt 0:01:30]} cxd4 {[%emt 0:01:44]} 25. exd4 {[%emt 0:06:03]} Rxe1 {[%emt 0:00:31]} 26. Rxe1 {[%emt 0:00:00]} Bxd4 {[%emt 0:00:37]} 27. Qh5 {[%emt 0:01:06]} g6 {[%emt 0:00:21]} 28. Bxg6 {[%emt 0:00:05]} fxg6 {[%emt 0:00:23]} 29. Qxg6+ {[%emt 0:00:03]} Bg7 {[%emt 0:00:06]} 30. Qe6+ {[%emt 0:05:31]} Kh8 {[%emt 0:00:52]} 31. Qh3+ {[%emt 0:00:07]} Kg8 {[%emt 0:00:03]} 32. Qe6+ {[%emt 0:00:03]} Kh8 {[%emt 0:00:03]} 33. Qh3+ {[%emt 0:00:03]} Kg8 {[%emt 0:00:03]} 34. Qe6+ {[%emt 0:00:03]} Kh8 {[%emt 0:00:48]} 1/2-1/2

[Event "XXVII RUS-chT Premier 2020"]
[Site "Sochi"]
[Date "2020.11.20"]
[Round "2.21"]
[White "Kokarev, Dmitry"]
[Black "Demidov, Mikhail"]
[Result "1-0"]
[WhiteElo "2621"]
[BlackElo "2526"]
[Annotator "ChessBase"]
[PlyCount "103"]
[EventDate "2020.11.19"]
[EventType "team-tourn"]
[EventCountry "RUS"]
[SourceTitle "playchess.com"]
[Source "ChessBase"]
[SourceQuality "1"]
[TimeControl "40/5400+30:1800+30"]

1. e4 {[%emt 0:00:00]} g6 {[%emt 0:00:00]} 2. d4 {[%emt 0:00:00]} Bg7 {[%emt 0:00:00]} 3. Nf3 {[%emt 0:00:00]} d6 {[%emt 0:00:08]} 4. Be2 {[%emt 0:00:06]} Nf6 {[%emt 0:00:24]} 5. Nc3 {[%emt 0:00:10]} c5 {[%emt 0:00:21]} 6. d5 {[%emt 0:00:24]} O-O {[%emt 0:01:47]} 7. O-O {[%emt 0:00:22]} Na6 {[%emt 0:04:11]} 8. h3 {[%emt 0:06:56]} Nc7 {[%emt 0:00:52]} 9. a4 {[%emt 0:00:18]} e6 {[%emt 0:04:33]} 10. dxe6 {[%emt 0:02:01]} Nxe6 {[%emt 0:02:17]} 11. Bc4 {[%emt 0:00:52]} b6 {[%emt 0:06:31]} 12. Nb5 {[%emt 0:14:10]} Ba6 {[%emt 0:06:20]} 13. Re1 {[%emt 0:00:21]} Bxb5 {[%emt 0:06:10]} 14. axb5 {[%emt 0:00:41]} Re8 {[%emt 0:02:16]} 15. Ra3 {[%emt 0:07:16]} Qc7 {[%emt 0:04:46]} 16. Rd3 {[%emt 0:00:57]} Rad8 {[%emt 0:01:40]} 17. Bxe6 {[%emt 0:13:30]} fxe6 {[%emt 0:07:55]} 18. Bf4 {[%emt 0:00:12]} e5 {[%emt 0:01:29]} 19. Bg5 {[%emt 0:00:09]} Qd7 {[%emt 0:01:41]} 20. c4 {[%emt 0:01:11]} Qe6 {[%emt 0:01:05]} 21. Rc3 {[%emt 0:08:26]} Rd7 {[%emt 0:02:29]} 22. Bxf6 {[%emt 0:00:09]} Bxf6 {[%emt 0:02:26]} 23. Qd5 {[%emt 0:00:46]} Qxd5 {[%emt 0:05:31]} 24. cxd5 {[%emt 0:00:55]} Rf8 {[%emt 0:01:02]} 25. Ra1 {[%emt 0:02:50]} Rff7 {[%emt 0:02:04]} 26. g3 {[%emt 0:02:30]} Kg7 {[%emt 0:01:18]} 27. Kg2 {[%emt 0:03:24]} Kg8 {[%emt 0:02:52]} 28. Nd2 {[%emt 0:00:17]} Bg5 29. Nc4 Rfe7 {[%emt 0:03:06]} 30. Rf3 {[%emt 0:01:02]} Kg7 {[%emt 0:01:16]} 31. Kf1 {[%emt 0:00:42]} h5 {[%emt 0:00:42]} 32. Ke2 {[%emt 0:00:25]} Re8 {[%emt 0:06:13]} 33. Rg1 {[%emt 0:04:34]} Rh8 {[%emt 0:02:59]} 34. Ra3 Rf8 35. h4 {[%emt 0:09:19]} Bh6 {[%emt 0:01:46]} 36. Rf3 {[%emt 0:00:33]} Rh8 {[%emt 0:01:33]} 37. g4 {[%emt 0:08:02]} hxg4 {[%emt 0:08:04]} 38. Rfg3 {[%emt 0:00:12]} Bf4 {[%emt 0:00:35]} 39. Rxg4 {[%emt 0:00:07]} Rh6 {[%emt 0:00:25]} 40. h5 {[%emt 0:00:00]} g5 {[%emt 0:00:00]} 41. Rxf4 {[%emt 0:08:29]} exf4 {[%emt 0:00:56]} 42. Rxg5+ {[%emt 0:00:05]} Kf8 {[%emt 0:11:01]} 43. Kf3 {[%emt 0:00:19]} Rf6 {[%emt 0:04:34]} 44. e5 {[%emt 0:06:49]} dxe5 {[%emt 0:01:19]} 45. Ke4 {[%emt 0:03:29]} Rg7 {[%emt 0:04:42]} 46. Rxg7 {[%emt 0:00:19]} Kxg7 {[%emt 0:00:04]} 47. d6 {[%emt 0:00:59]} Rf8 {[%emt 0:06:22]} 48. Nxe5 {[%emt 0:00:37]} Rd8 {[%emt 0:01:09]} 49. d7 {[%emt 0:00:37]} Kf6 {[%emt 0:00:12]} 50. h6 {[%emt 0:00:27]} f3 {[%emt 0:05:01]} 51. b3 {[%emt 0:02:09]} Ke6 {[%emt 0:02:14]} 52. h7 {[%emt 0:00:22]} 1-0

[Event "XXVII RUS-chT Premier 2020"]
[Site "Sochi"]
[Date "2020.11.20"]
[Round "2.22"]
[White "Murzin, Volodar"]
[Black "Makarian, Rudik"]
[Result "1/2-1/2"]
[WhiteElo "2470"]
[BlackElo "2441"]
[Annotator "ChessBase"]
[PlyCount "46"]
[EventDate "2020.11.19"]
[EventType "team-tourn"]
[EventCountry "RUS"]
[SourceTitle "playchess.com"]
[Source "ChessBase"]
[SourceQuality "1"]
[TimeControl "40/5400+30:1800+30"]

1. e4 {[%emt 0:00:00]} e5 {[%emt 0:00:00]} 2. Nf3 {[%emt 0:00:00]} Nc6 {[%emt 0:00:00]} 3. d4 {[%emt 0:00:06]} exd4 {[%emt 0:01:04]} 4. Nxd4 {[%emt 0:00:06]} Nf6 {[%emt 0:01:53]} 5. Nxc6 {[%emt 0:00:16]} bxc6 {[%emt 0:00:04]} 6. Bd3 {[%emt 0:01:14]} d5 {[%emt 0:00:58]} 7. Qe2 {[%emt 0:01:20]} dxe4 {[%emt 0:16:33]} 8. Bxe4 {[%emt 0:02:03]} Nxe4 {[%emt 0:00:09]} 9. Qxe4+ {[%emt 0:00:00]} Qe7 {[%emt 0:00:09]} 10. Qxe7+ {[%emt 0:01:45]} Bxe7 {[%emt 0:00:32]} 11. O-O O-O {[%emt 0:02:39]} 12. Re1 {[%emt 0:05:23]} Bf6 {[%emt 0:02:45]} 13. Nd2 {[%emt 0:01:05]} Bf5 {[%emt 0:06:04]} 14. Ne4 {[%emt 0:01:00]} Bxe4 {[%emt 0:01:37]} 15. Rxe4 {[%emt 0:00:06]} Rfd8 {[%emt 0:00:34]} 16. Kf1 {[%emt 0:00:58]} Rab8 {[%emt 0:08:23]} 17. c3 {[%emt 0:03:46]} Rd1+ {[%emt 0:00:34]} 18. Re1 {[%emt 0:00:14]} Rd5 {[%emt 0:00:50]} 19. Re2 {[%emt 0:01:23]} Rd1+ {[%emt 0:00:15]} 20. Re1 {[%emt 0:00:56]} Rd5 {[%emt 0:00:12]} 21. Re2 {[%emt 0:04:41]} Rd1+ {[%emt 0:00:09]} 22. Re1 {[%emt 0:00:06]} Rd5 {[%emt 0:00:12]} 23. Re2 {[%emt 0:00:27]} Rd1+ 1/2-1/2

[Event "XXVII RUS-chT Premier 2020"]
[Site "Sochi"]
[Date "2020.11.20"]
[Round "2.23"]
[White "Petrov, Nikita"]
[Black "Belyakov, Bogdan"]
[Result "1/2-1/2"]
[WhiteElo "2577"]
[BlackElo "2450"]
[Annotator "ChessBase"]
[PlyCount "139"]
[EventDate "2020.11.19"]
[EventType "team-tourn"]
[EventCountry "RUS"]
[SourceTitle "playchess.com"]
[Source "ChessBase"]
[SourceQuality "1"]
[TimeControl "40/5400+30:1800+30"]

1. d4 {[%emt 0:00:00]} Nf6 {[%emt 0:00:00]} 2. c4 {[%emt 0:00:02]} g6 {[%emt 0:00:00]} 3. Nc3 {[%emt 0:00:29]} d5 {[%emt 0:01:11]} 4. Bg5 {[%emt 0:00:42]} Bg7 {[%emt 0:04:11]} 5. Bxf6 {[%emt 0:00:24]} Bxf6 {[%emt 0:00:51]} 6. cxd5 {[%emt 0:00:07]} a6 {[%emt 0:13:45]} 7. e4 {[%emt 0:11:58]} c6 {[%emt 0:14:32]} 8. e5 {[%emt 0:14:41]} Bg7 {[%emt 0:00:36]} 9. Bc4 {[%emt 0:00:17]} b5 {[%emt 0:10:17]} 10. Bb3 {[%emt 0:00:16]} b4 {[%emt 0:00:33]} 11. Ne4 {[%emt 0:03:56]} cxd5 {[%emt 0:03:11]} 12. Ba4+ {[%emt 0:02:27]} Bd7 {[%emt 0:05:42]} 13. Nc5 {[%emt 0:00:51]} O-O {[%emt 0:04:50]} 14. Nxd7 {[%emt 0:06:52]} Nxd7 {[%emt 0:00:12]} 15. Bc6 {[%emt 0:00:56]} Ra7 {[%emt 0:00:42]} 16. Bxd5 {[%emt 0:02:59]} Nxe5 {[%emt 0:02:26]} 17. dxe5 {[%emt 0:00:23]} Rd7 {[%emt 0:00:05]} 18. Bxf7+ {[%emt 0:02:23]} Rxf7 {[%emt 0:00:08]} 19. Qe2 {[%emt 0:00:44]} Rd5 {[%emt 0:01:30]} 20. Nf3 {[%emt 0:02:50]} Qa5 {[%emt 0:01:08]} 21. O-O {[%emt 0:05:07]} Bxe5 {[%emt 0:00:11]} 22. Rad1 {[%emt 0:07:47]} Rxd1 {[%emt 0:05:15]} 23. Rxd1 {[%emt 0:01:57]} Bf6 {[%emt 0:00:09]} 24. b3 {[%emt 0:00:22]} Rf8 {[%emt 0:02:34]} 25. h3 {[%emt 0:03:23]} Qb6 {[%emt 0:07:11]} 26. Qe4 {[%emt 0:05:16]} a5 {[%emt 0:03:28]} 27. h4 {[%emt 0:02:01]} Rd8 {[%emt 0:02:32]} 28. Rd5 {[%emt 0:02:42]} Rxd5 {[%emt 0:02:29]} 29. Qxd5+ {[%emt 0:00:04]} Kg7 {[%emt 0:01:23]} 30. h5 {[%emt 0:03:13]} Qc7 {[%emt 0:03:16]} 31. g3 {[%emt 0:04:31]} Qa7 {[%emt 0:05:07]} 32. g4 {[%emt 0:08:55]} gxh5 {[%emt 0:00:55]} 33. g5 {[%emt 0:02:53]} Bc3 {[%emt 0:01:01]} 34. Nh4 {[%emt 0:00:33]} Qc7 {[%emt 0:02:02]} 35. Nf5+ {[%emt 0:03:06]} Kg6 {[%emt 0:00:35]} 36. Nh4+ {[%emt 0:00:27]} Kg7 {[%emt 0:00:02]} 37. Qe6 {[%emt 0:00:41]} Qc5 {[%emt 0:03:19]} 38. Nf5+ {[%emt 0:01:14]} Kf8 {[%emt 0:00:02]} 39. Qh6+ {[%emt 0:00:13]} Kg8 {[%emt 0:00:50]} 40. Qe6+ {[%emt 0:00:00]} Kf8 {[%emt 0:00:00]} 41. Qh6+ {[%emt 0:15:06]} Kg8 {[%emt 0:01:02]} 42. g6 {[%emt 0:00:29]} hxg6 {[%emt 0:00:58]} 43. Qxg6+ {[%emt 0:00:03]} Kf8 {[%emt 0:00:08]} 44. Qh6+ {[%emt 0:00:07]} Ke8 {[%emt 0:03:30]} 45. Qxh5+ {[%emt 0:00:08]} Kd7 {[%emt 0:04:34]} 46. Qf3 {[%emt 0:01:19]} Bf6 {[%emt 0:04:02]} 47. Qd3+ {[%emt 0:02:58]} Kc7 {[%emt 0:03:11]} 48. Ng3 {[%emt 0:02:16]} Qc3 {[%emt 0:01:01]} 49. Qe2 {[%emt 0:01:01]} Qc1+ {[%emt 0:07:01]} 50. Kg2 {[%emt 0:00:26]} Qc6+ {[%emt 0:00:27]} 51. Ne4 {[%emt 0:00:11]} Be5 {[%emt 0:01:29]} 52. Qd3 {[%emt 0:00:41]} Bd6 {[%emt 0:01:15]} 53. Kf3 {[%emt 0:00:55]} a4 {[%emt 0:00:18]} 54. bxa4 {[%emt 0:01:09]} Qxa4 {[%emt 0:00:09]} 55. Qc4+ {[%emt 0:02:57]} Qc6 {[%emt 0:02:48]} 56. Qd4 {[%emt 0:01:05]} Qa8 {[%emt 0:00:53]} 57. Qc4+ {[%emt 0:01:47]} Qc6 {[%emt 0:00:05]} 58. Qxc6+ {[%emt 0:03:01]} Kxc6 {[%emt 0:00:07]} 59. Nxd6 {[%emt 0:00:36]} Kxd6 {[%emt 0:00:06]} 60. Ke4 {[%emt 0:00:39]} Kc5 {[%emt 0:00:08]} 61. f4 {[%emt 0:00:54]} Kc4 {[%emt 0:01:08]} 62. f5 {[%emt 0:00:24]} Kc3 {[%emt 0:00:05]} 63. Kd5 {[%emt 0:00:19]} Kb2 {[%emt 0:00:06]} 64. Kc4 {[%emt 0:00:19]} Kxa2 {[%emt 0:00:29]} 65. Kxb4 {[%emt 0:00:05]} Kb2 {[%emt 0:00:05]} 66. Kc4 {[%emt 0:00:03]} Kc2 {[%emt 0:00:08]} 67. Kd5 {[%emt 0:00:03]} Kd3 {[%emt 0:00:08]} 68. Ke6 {[%emt 0:00:03]} Ke4 {[%emt 0:00:05]} 69. f6 {[%emt 0:00:02]} exf6 {[%emt 0:00:05]} 70. Kxf6 1/2-1/2

[Event "XXVII RUS-chT Premier 2020"]
[Site "Sochi"]
[Date "2020.11.20"]
[Round "2.24"]
[White "Savitskiy, Sergey"]
[Black "Zakhartsov, Vladimir"]
[Result "1/2-1/2"]
[WhiteElo "2451"]
[BlackElo "2484"]
[Annotator "ChessBase"]
[PlyCount "47"]
[EventDate "2020.11.19"]
[EventType "team-tourn"]
[EventCountry "RUS"]
[SourceTitle "playchess.com"]
[Source "ChessBase"]
[SourceQuality "1"]
[TimeControl "40/5400+30:1800+30"]

1. e4 {[%emt 0:00:00]} c5 {[%emt 0:00:00]} 2. Nf3 {[%emt 0:00:00]} d6 {[%emt 0:00:00]} 3. Nc3 {[%emt 0:00:32]} a6 {[%emt 0:01:20]} 4. g3 {[%emt 0:00:32]} Nf6 {[%emt 0:09:00]} 5. e5 {[%emt 0:07:49]} dxe5 {[%emt 0:01:33]} 6. Nxe5 {[%emt 0:00:18]} Qc7 {[%emt 0:00:57]} 7. d4 {[%emt 0:01:59]} cxd4 {[%emt 0:02:05]} 8. Qxd4 {[%emt 0:00:08]} Nc6 {[%emt 0:02:54]} 9. Nxc6 {[%emt 0:00:20]} Qxc6 {[%emt 0:00:08]} 10. Bg5 {[%emt 0:00:34]} Bg4 {[%emt 0:26:57]} 11. Bxf6 {[%emt 0:00:57]} Bf3 {[%emt 0:14:00]} 12. Bxg7 {[%emt 0:20:40]} Rg8 {[%emt 0:22:22]} 13. Bxf8 {[%emt 0:07:25]} Bxh1 {[%emt 0:00:07]} 14. Bxe7 {[%emt 0:03:58]} Qe6+ {[%emt 0:00:57]} 15. Kd2 {[%emt 0:17:15]} Qh6+ {[%emt 0:00:07]} 16. Qe3 {[%emt 0:03:09]} Qxe3+ {[%emt 0:00:16]} 17. Kxe3 {[%emt 0:00:04]} Kxe7 {[%emt 0:00:05]} 18. Bxa6 {[%emt 0:00:14]} Rxa6 {[%emt 0:01:33]} 19. Rxh1 {[%emt 0:00:10]} Rd8 {[%emt 0:00:54]} 20. g4 {[%emt 0:05:06]} Rb6 {[%emt 0:02:31]} 21. Rb1 {[%emt 0:02:33]} Rh6 {[%emt 0:00:25]} 22. Rh1 {[%emt 0:05:12]} Rb6 {[%emt 0:00:06]} 23. Rb1 {[%emt 0:02:29]} Rh6 {[%emt 0:00:02]} 24. Rh1 {[%emt 0:00:49]} 1/2-1/2

[Event "XXVII RUS-chT Premier 2020"]
[Site "Sochi"]
[Date "2020.11.20"]
[Round "2.25"]
[White "Riazantsev, Alexander"]
[Black "Iljiushenok, Ilia"]
[Result "1/2-1/2"]
[WhiteElo "2628"]
[BlackElo "2539"]
[Annotator "ChessBase"]
[PlyCount "73"]
[EventDate "2020.11.19"]
[EventType "team-tourn"]
[EventCountry "RUS"]
[SourceTitle "playchess.com"]
[Source "ChessBase"]
[SourceQuality "1"]
[TimeControl "40/5400+30:1800+30"]

1. d4 {[%emt 0:00:00]} Nf6 {[%emt 0:00:00]} 2. c4 {[%emt 0:00:00]} g6 {[%emt 0:00:00]} 3. Nc3 {[%emt 0:00:00]} Bg7 {[%emt 0:00:00]} 4. e4 {[%emt 0:00:06]} d6 {[%emt 0:00:00]} 5. f4 {[%emt 0:00:18]} O-O {[%emt 0:04:44]} 6. Nf3 {[%emt 0:00:19]} Na6 {[%emt 0:09:33]} 7. Bd3 {[%emt 0:01:52]} e5 {[%emt 0:02:05]} 8. fxe5 {[%emt 0:00:24]} dxe5 {[%emt 0:00:05]} 9. d5 {[%emt 0:00:05]} c6 {[%emt 0:04:10]} 10. O-O {[%emt 0:00:37]} cxd5 {[%emt 0:13:56]} 11. cxd5 {[%emt 0:01:44]} Qd6 {[%emt 0:17:19]} 12. Kh1 {[%emt 0:15:44]} Bd7 {[%emt 0:01:23]} 13. Nd2 {[%emt 0:00:54]} Rac8 {[%emt 0:09:27]} 14. Nc4 {[%emt 0:03:31]} Qe7 {[%emt 0:00:17]} 15. Bg5 {[%emt 0:07:30]} h6 {[%emt 0:00:42]} 16. d6 {[%emt 0:26:08]} Qe6 {[%emt 0:02:11]} 17. Bxf6 {[%emt 0:01:14]} Bxf6 {[%emt 0:00:10]} 18. Na5 {[%emt 0:00:03]} Bg5 {[%emt 0:06:48]} 19. Nxb7 {[%emt 0:00:31]} Nc5 {[%emt 0:09:41]} 20. Nxc5 {[%emt 0:09:05]} Rxc5 {[%emt 0:00:19]} 21. Bc2 {[%emt 0:00:16]} Rc6 {[%emt 0:00:06]} 22. Bb3 {[%emt 0:06:51]} Qxd6 {[%emt 0:00:04]} 23. Ba4 {[%emt 0:00:52]} Qxd1 {[%emt 0:00:05]} 24. Raxd1 {[%emt 0:00:33]} Rxc3 {[%emt 0:00:05]} 25. Rxd7 {[%emt 0:00:54]} Rc4 {[%emt 0:00:11]} 26. Rxa7 {[%emt 0:10:11]} Rxe4 {[%emt 0:00:22]} 27. Bb3 {[%emt 0:00:03]} Re2 {[%emt 0:03:23]} 28. Raxf7 {[%emt 0:04:11]} Rxf7 {[%emt 0:00:09]} 29. Bxf7+ {[%emt 0:00:08]} Kg7 {[%emt 0:02:07]} 30. b4 {[%emt 0:00:19]} e4 {[%emt 0:01:25]} 31. Bc4 {[%emt 0:01:08]} Rb2 {[%emt 0:05:31]} 32. Rf7+ {[%emt 0:04:43]} Kh8 {[%emt 0:00:04]} 33. Rf8+ {[%emt 0:00:03]} Kg7 {[%emt 0:00:03]} 34. Rf7+ {[%emt 0:00:03]} Kh8 {[%emt 0:00:01]} 35. Rf8+ {[%emt 0:00:04]} Kg7 {[%emt 0:00:02]} 36. Rf7+ {[%emt 0:00:04]} Kh8 {[%emt 0:00:02]} 37. Rf8+ {[%emt 0:00:05]} 1/2-1/2

[Event "XXVII RUS-chT Premier 2020"]
[Site "Sochi"]
[Date "2020.11.20"]
[Round "2.26"]
[White "Bykov, Oleg"]
[Black "Paravyan, David"]
[Result "1/2-1/2"]
[WhiteElo "2362"]
[BlackElo "2654"]
[Annotator "TA"]
[PlyCount "119"]
[EventDate "2020.11.19"]
[EventType "team-tourn"]
[EventCountry "RUS"]
[SourceTitle "playchess.com"]
[Source "ChessBase"]
[SourceQuality "1"]

{[%evp 12,119,35,27,30,45,63,31,27,28,33,31,34,23,36,0,0,0,0,-11,0,0,0,0,14,22,0,0,7,0,25,0,0,0,0,0,2,0,0,0,0,0,0,-116,-28,-76,-73,-68,0,0,0,0,15,-83,-88,-107,-107,-172,-172,-179,-186,-222,-52,-189,-189,-194,-187,-182,-187,-174,-183,-178,-177,-244,0,0,0,-78,0,0,0,0,0,-170,-330,-289,-185,-209,-227,-336,-336,-336,-336,-333,-314,-695,0,0,0,0,0,0,0,0,0,0,0,0,0,0]} 1. d4 d5 2. c4 e6 3. Nc3 Nf6 4. cxd5 exd5 5. Bg5 Bb4 6. e3 h6 7. Bh4 g5 {D35: Queen's Gambit Declined: Exchange Variation.} 8. Bg3 h5 {[#]} 9. Qb3 $146 ({Predecessor:} 9. f3 h4 10. Bf2 Bf5 11. Qa4+ Nc6 12. Bb5 Bxc3+ 13. bxc3 O-O 14. Rd1 Qd6 15. Ne2 {0-1 (27) Findlay,M (1950)-Ginther,R (1929) IECG email 2002}) 9... Bxc3+ {White is slightly better.} 10. Qxc3 Nc6 11. Bb5 Bd7 12. Bxc6 Bxc6 13. f3 h4 14. Be5 Rh6 15. h3 Qe7 16. a4 Nh5 17. Ne2 O-O-O 18. Kf2 Re6 19. Ra3 f6 20. Bh2 Ng7 21. Qd3 Re8 22. Rc1 Kb8 23. Rcc3 Qd7 24. Qc2 a5 $1 25. Nc1 Nh5 26. Nb3 b6 27. Nd2 {[#]} (27. Nc1 $11 {remains equal.}) 27... Ng3 (27... f5 $1 $17 {[%mdl 512]} 28. Be5 (28. Qxf5 Rxe3) 28... Rxe5 29. dxe5 Bb7) 28. Bxg3 hxg3+ 29. Kxg3 Qd6+ ({Black should play} 29... Bb7 $15) 30. Kf2 $11 Bd7 31. Nf1 f5 32. Ra1 (32. Qxf5 $11 {keeps the balance.} Rxe3 33. Rxe3 Bxf5 34. Rxe8+ Kb7 35. Re2) 32... f4 $17 33. Rc1 {[%cal Rc3c7]} Qb4 $1 34. b3 (34. Rd3 $17) 34... fxe3+ $19 35. Rxe3 Rc6 (35... Qxd4 $2 36. Qxc7+ Ka8 37. Qxd7 $18) 36. Qb2 Rxc1 $2 (36... Rxe3 $1 $19 37. Nxe3 Rxc1 38. Qxc1 Qxb3) 37. Rxe8+ ({White must play} 37. Qxc1 $15 Qxd4 38. Qd2) 37... Bxe8 38. Qxc1 Qxb3 39. Qxg5 {Strongly threatening Qd8+.} Bxa4 40. h4 Qb2+ $1 41. Kg3 Qxd4 42. Ne3 (42. h5 $142) 42... Kb7 $2 (42... Bb3 $1 $19 43. h5 a4) 43. h5 $1 $11 {[%cal Rh5h6] Threatens to win with h6.} Qd2 44. Qe5 (44. h6 $11 Bc2 45. Qe5 (45. Qxd5+ $2 Qxd5 46. Nxd5 a4 $19)) 44... Qe1+ (44... d4 $1 $17 {[%cal Rd4e3]} 45. Nd5 Qc1 46. Qxd4 Qg5+ {[%mdl 64] Double Attack} 47. Kf2 Bc6) 45. Kg4 {And now h6 would win.} Qb4+ $1 46. Kg5 {Hoping for h6.} d4 47. Nd5 $2 (47. Nf5 $1 $11 {and White has nothing to worry.} Qd2+ {[%mdl 64] Double Attack} 48. Kf6 Qxg2 49. Nxd4) 47... Qc5 $19 48. h6 {aiming for h7.} Bc2 $1 49. f4 {[#]} a4 $1 {[%cal Ra4a3] ...a3 is the strong threat.} 50. f5 (50. g4 {was the only chance.}) 50... d3 {White must now prevent ...d2.} 51. h7 d2 52. h8=Q {White threatens Qd8 and mate.} d1=Q 53. Qd8 $2 (53. Ne3 Qdd6 54. Qxc5 Qxc5 55. Nxc2 Qxc2 56. Qh3) 53... Qd2+ $2 ({Better is} 53... Qc1+ $19 54. Kg4 Qc4+ 55. Nf4 Qd1+ 56. Qxd1 Bxd1+ 57. Kg3 a3) 54. Kg6 $1 $11 {The position is equal.} ({Don't go for} 54. Kh5 $2 Bd1+ 55. g4 {[#]} Bxg4+ $1 {[%mdl 512]} 56. Kxg4 Qg1+ 57. Kh5 Qh1+ 58. Qh4 (58. Kg6 {is a self mate.} Qdh6+ 59. Kf7 Q1h5+ 60. Ke7 Qh7+ {[%mdl 64] Double Attack} 61. Qg7 Qxg7+ 62. Ke6 Qhf7#) 58... Qdxd5 $19) 54... Qxg2+ 55. Kf7 {[#]} Bb3 $1 56. Qexc7+ Qxc7+ 57. Qxc7+ Ka8 58. Qc6+ Ka7 59. Qc7+ Ka8 60. Qc8+ {White happily takes the draw.  Weighted Error Value: White=0.35/Black=0.24} 1/2-1/2